Statistics for Former Names of Cities

Click here to take the quiz!

General Stats

  • This quiz has been taken 330 times
  • The average score is 7 of 9

Answer Stats

CityFormer Name% Correct
Istanbul (most recent)Constantinople
95%
New YorkNew Amsterdam
94%
St. Petersburg (most recent)Leningrad
93%
MumbaiBombay
90%
BeijingPeking
90%
Ho Chi Minh CitySaigon
87%
KolkataCalcutta
86%
GuangzhouCanton
54%
TorontoYork
27%

Score Distribution

Percentile by Number Answered

Percent of People with Each Score

Your Score History

You have not taken this quiz